00541naa a2200145 a 450000100080000000500110000800800410001910000170006024500380007726000090011565000250012470000190014970000180016877302090018619440612013-01-04 2012 bl uuuu u00u1 u #d1 aMINOPOLI, R. aRoteiro de trilha interpretativa. c2012 aEducação ambiental1 aCAMARGO, G. S.1 aHAMMES, V. S. tIn: HAMMES, V. S. (Ed.). Construção da proposta pedagógica. 3. ed. rev. e ampl. Brasília, DF: Embrapa, 2012.gv. 2, pt. 8, p. 303-308. (Educação Ambiental para o Desenvolvimento Sustentável, v. 2).